Statistics for If The Middle East Was A Single Country...

Click here to take the quiz!

General Stats

  • This quiz has been taken 50 times
  • The average score is 40 of 48

Answer Stats

Answer% Correct
Most populousIndia
100%
Largest Muslim populationIndia
100%
Tallest buildingChina
98%
Most populousChina
98%
# of land bordersChina
98%
Largest GDP (nominal)China
98%
Highest oil production/dayChina
98%
Proven oil reservesRussia
98%
# of land bordersRussia
98%
Refugee populationRussia
98%
Jewish populationRussia
98%
Highest oil production/dayRussia
98%
Tallest buildingUnited States
98%
Largest GDP (nominal)United States
98%
Highest oil production/dayUnited States
98%
Most populousUnited States
98%
Jewish populationUnited States
98%
Largest Muslim populationIndonesia
94%
Most populousIndonesia
94%
Longest border with SudanChad
92%
Longest border with SudanEthiopia
92%
Largest GDP (nominal)Germany
92%
Refugee populationGermany
92%
# of Persian speakersPakistan
92%
Largest Muslim populationPakistan
92%
Refugee populationPakistan
92%
Largest GDP (nominal)Japan
90%
Longest border with SudanSouth Sudan
88%
# of land bordersBrazil
85%
Proven oil reservesCanada
85%
Jewish populationCanada
85%
Highest oil production/dayCanada
85%
Jewish populationUnited Kingdom
83%
# of land bordersFrance
81%
Proven oil reservesVenezuela
81%
Most official languagesSouth Africa
79%
Tallest buildingMalaysia
77%
# of Persian speakersAfghanistan
75%
Longest border with SudanEritrea
71%
# of Persian speakersTajikistan
63%
Largest Muslim populationBangladesh
60%
Proven oil reservesLibya
60%
Most official languagesRwanda
56%
Tallest buildingSouth Korea
56%
Most official languagesBolivia
54%
# of Persian speakersUzbekistan
48%
Most official languagesZimbabwe
29%
Refugee populationUganda
25%

Score Distribution

Percentile by Number Answered

Percent of People with Each Score

Your Score History

You have not taken this quiz